Le brio - Statistiken

Allgemein
  • Dieses Quiz wurde 8 mal gespielt
  • Das Durchschnittsergebnis liegt bei 40 aus 52
Antwortstatistiken
Hint Antwort % Korrekt
Etw lernen apprendre qc
100%
zu spät (an)kommen arriver en retard
100%
jdn diskriminieren discriminer qn
100%
jdm etw lehren enseigner qc à qn
100%
ausgegrentzt sein, am Rande der Gesellschaft stehen être marginalisé,e
100%
Jdn erniedrigen, demütigen humilier qn
100%
jdn beleidigen, beschimpfen insulter qn
100%
das Halbfinale la demi-finale
100%
Die Diskriminierung la discrimination
100%
das Finale la finale
100%
der Hörsaal l'amphithéâtre
100%
der Erfolg la réussite
100%
der Wettbewerb le concours
100%
die Unterstützung le soutien
100%
die Identität l'identité
100%
die Universität L'université
100%
jdn provozieren provoquer qn
100%
erfolgreich ein, erfolg haben réussir
100%
Etw schaffen, jdm gelingt etw réussir qc
100%
sich äußern, ausdrücken s'exprimer
100%
jdn unterstützen soutenir qn
100%
eine Rede un discours
100%
ein Zweifel un doute
100%
ein,e Vorstadtbewohner,in un,e banlieusard,e
100%
ein,e Kandidat,in ein,e Bewerber,in un,e candidat,e
100%
eine Beleidigung, Beschimpfung une insulte
100%
Ein, e Peofessor,in un,e professeur
100%
eine Provokation une provocation
100%
eine Sozialwohnung un HLM
100%
Universitäts- universitaire
100%
ehrgeizig, strebsam, ambitioniert ambitieux, ambitieuse
50%
seinen Platz in der Gesellschaft suchen chercher sa place dans la société
50%
Anwalt, Anwältin werden devenir avocat,e
50%
unterrichten donner des cours
50%
algerischen Ursprungs, algerischstämmig d'origine algérienne
50%
verzweifelt sein être désespéré,e
50%
ein Hindernis überwinden franchir un obstacle
50%
die Gemeinschaft la communauté
50%
die Redekunst, Rhetorik la rhétorique
50%
der Disziplinarausschuss le conseil de discipline
50%
die Redegewandheit, die Eloquenz l'éloquence
50%
die erste Runde le premier tour
50%
das Viertelfinale le quart de finale
50%
die Unsicherheit l'incertitude
50%
jdn / etw vorbereiten préparer qn,qc
50%
Es schaffen,etw zu tun réussir à faire qc
50%
eine Rede halten tenir,prononcer un discours
50%
eine enge, familiäre Beziehung une relation étroite, familiale
50%
ein sozial schwaches Milieu un milieu social défavorisé
50%
studieren faire ses études
0%
das Zugehörigkeitsgefühl le sentiment d'appartence
0%
ein,e Studentin, ein Kommilitone, eine Kommilitonin un,e étudiant,e (de la même promotion)
0%
Keine übereinstimmenden Quizze gefunden
Verteilung der Resultate
Anzahl Personen mit jedem Resultat
Perzentil nach korrekt beantworteten Fragen
Ihre Resultats-Entwicklung
Sie haben dieses Quiz noch nicht gespielt